[Event "Eger op"]
[Site "Eger"]
[Date "1993.??.??"]
[Round "2"]
[White "Mochalov, Evgeny V"]
[Black "Sziraki, Tamas"]
[Result "1-0"]
[WhiteElo "2420"]
[BlackElo "2235"]

1.d4 Nf6 2.c4 g6 3.Nf3 Bg7 4.g3 O-O 5.Bg2 d6 6.O-O Nbd7 7.Qc2 e5 8.Rd1 Re8
9.e4 exd4 10.Nxd4 Nc5 11.Nc3 a5 12.Rb1 Bg4 13.f3 Bd7 14.Be3 h5 15.h4 Nh7
16.Qd2 Be5 17.Nde2 Be6 18.b3 Qe7 19.Nd5 Qd7 20.Ndf4 b6 21.Nxe6 Qxe6 22.Nf4 Qc8
23.Qf2 Qb7 24.Nd5 Rad8 25.Rd2 a4 26.b4 Ne6 27.f4 Bg7 28.f5  1-0

[Event "Eger op"]
[Site "Eger"]
[Date "1993.??.??"]
[Round "4"]
[White "Burmakin, Vladimir"]
[Black "Foldi, Istvan"]
[Result "0-1"]
[WhiteElo "2460"]
[BlackElo "2310"]

1.d4 Nf6 2.c4 g6 3.Nf3 Bg7 4.g3 O-O 5.Bg2 d6 6.O-O Nc6 7.d5 Na5 8.Nbd2 c5
9.e4 e6 10.dxe6 Bxe6 11.Qc2 Nd7 12.Rb1 Nc6 13.a3 Nde5 14.b3 f5 15.Nxe5 Bxe5
16.exf5 Bxf5 17.Ne4 Nd4 18.Qd1 Qd7 19.Bh6 Bg7 20.Bxg7 Kxg7 21.Rb2 Rae8 22.Nc3 Bg4
23.f3 Re3 24.fxg4 Rxf1+ 25.Qxf1 Rxc3 26.Rf2 Nxb3 27.Qe2 Rc1+ 28.Bf1 Nd4 29.Qe4 Rd1
30.h4 Ra1 31.h5 Ne6 32.h6+ Kg8 33.Rf6 Ng5 34.Qe3 Nf7 35.g5 Ne5 36.Qf2 Qe7
37.Qd2 Qxf6  0-1

[Event "Elenite op"]
[Site "Elenite"]
[Date "1993.??.??"]
[Round "9"]
[White "Chakov, Plamen"]
[Black "Georgiev, Vladimir"]
[Result "0-1"]
[WhiteElo "2330"]
[BlackElo "2410"]

1.d4 Nf6 2.c4 g6 3.Nf3 Bg7 4.g3 O-O 5.Bg2 d6 6.O-O Nbd7 7.Nc3 e5 8.e4 exd4
9.Nxd4 Re8 10.h3 a6 11.Nb3 Ne5 12.c5 dxc5 13.Nxc5 b6 14.Nb3 Bb7 15.f4 Nd3
16.e5 Bxg2 17.Kxg2 Nd5 18.Rf3 N3b4 19.Bd2 Qe7 20.Qe2 c5 21.Qc4 Qe6 22.Kh2 Nxc3
23.Qxe6 Rxe6 24.bxc3 Nc6 25.a4 Rd8 26.Be1 f6 27.a5 c4 28.Nd4 Nxd4 29.cxd4 fxe5
30.dxe5 b5 31.Rb1 Bf8 32.Rb2 Rc6 33.g4 b4 34.Bxb4 Bxb4 35.Rxb4 c3 36.Rb3 c2
37.Rfc3 Rdc8 38.Rxc6 Rxc6 39.Rb8+ Kf7 40.e6+ Kxe6  0-1

[Event "Elgoibar"]
[Site "Elgoibar"]
[Date "1993.??.??"]
[Round "1"]
[White "Calvo, Jesus Maria"]
[Black "Nicoara Etchegaray, Malina"]
[Result "1-0"]
[WhiteElo "2315"]
[BlackElo "2140"]

1.d4 Nf6 2.Nf3 d6 3.g3 g6 4.Bg2 Bg7 5.c4 O-O 6.Nc3 c6 7.O-O Nbd7 8.e4 e5
9.h3 Qb6 10.d5 Nc5 11.Ne1 cxd5 12.cxd5 a5 13.Nd3 Nxd3 14.Qxd3 a4 15.Be3 Qa6
16.Qxa6 Rxa6 17.Rfc1 Bd7 18.Bf1 Raa8 19.f3 Rfc8 20.Nb5 Ne8 21.Na7 Rcb8 22.Bb6 Bf8
23.Rc3 Bh6 24.Kg2 Bg5 25.h4 Bd8 26.Be3 f6 27.Rac1 Kf7 28.g4 Ke7 29.g5 f5
30.exf5 gxf5 31.Bd3 Ba5 32.R3c2 Ng7 33.Nb5 f4 34.Bf2 Nf5 35.Nc7 Bxc7 36.Rxc7 Ke8
37.Rxd7 Nxh4+ 38.Bxh4 Kxd7 39.Bb5+ Ke7 40.g6+ Kf8 41.gxh7 Kg7 42.Rc7+  1-0

[Event "Elgoibar"]
[Site "Elgoibar"]
[Date "1993.??.??"]
[Round "3"]
[White "Calvo, Jesus Maria"]
[Black "Milos, Gilberto"]
[Result "0-1"]
[WhiteElo "2315"]
[BlackElo "2565"]

1.d4 Nf6 2.Nf3 g6 3.c4 Bg7 4.g3 O-O 5.Bg2 d6 6.Nc3 c6 7.O-O Bf5 8.Re1 Ne4
9.Nxe4 Bxe4 10.Bf1 d5 11.cxd5 cxd5 12.Ne5 Nd7 13.Bf4 Nxe5 14.Bxe5 Bxe5 15.dxe5 d4
16.Qd2 Qb6 17.Red1 Rad8 18.Rac1 Rd7 19.Rc4 Rfd8 20.Rdc1 Qe6 21.Qf4 Bc6 22.Bg2 Bb5
23.R4c2 Qxa2 24.Be4 Qb3 25.h4 d3 26.exd3 Bxd3 27.Rc3 Qb4 28.Bxd3 Qxf4 29.gxf4 Rxd3
30.Rc7 R8d7 31.Kg2 e6 32.b4 a6 33.R1c5 Rxc7 34.Rxc7 b5 35.Ra7 Ra3 36.h5 gxh5
37.f3 Ra4 38.Kg3 Rxb4 39.Rxa6 Kg7 40.Rb6 Kg6 41.Rb7 h4+  0-1

[Event "Elgoibar"]
[Site "Elgoibar"]
[Date "1993.??.??"]
[Round "4"]
[White "Izeta Txabarri, Felix"]
[Black "Calvo, Jesus Maria"]
[Result "1-0"]
[WhiteElo "2510"]
[BlackElo "2315"]

1.d4 g6 2.Nf3 Nf6 3.c4 Bg7 4.g3 O-O 5.Bg2 d6 6.Nc3 Nbd7 7.O-O e5 8.e4 c6
9.h3 Qb6 10.c5 dxc5 11.dxe5 Ne8 12.e6 fxe6 13.Ng5 Ne5 14.f4 Nf7 15.Nxf7 Rxf7
16.e5 Bf8 17.Ne4 Be7 18.a4 Ng7 19.g4 Qc7 20.Ra3 b6 21.Rd3 Ba6 22.Rd7 Qc8
23.Rf2 Bc4 24.Nf6+ Bxf6 25.Rxf7 Bh4 26.Qd7 Qxd7 27.Rxd7 Bxf2+ 28.Kxf2 Bd5
29.f5 exf5 30.Rxd5 fxg4 31.Rd7 Rf8+ 32.Kg1 gxh3 33.Bh6 Rf7 34.Rd8+ Rf8 35.Rxf8+ Kxf8
36.Bxc6 Kf7 37.Bd5+ Ne6 38.Bg5 h6 39.Bxh6 Ke7 40.Be3 g5 41.Kh2 g4 42.Kg3 Nc7
43.Bc4 a6 44.a5 bxa5 45.Bxc5+ Kd7 46.Bg1 a4 47.Kxg4 Ne8 48.Kg5  1-0

[Event "Elgoibar"]
[Site "Elgoibar"]
[Date "1993.??.??"]
[Round "8"]
[White "Izeta Txabarri, Felix"]
[Black "Etchegaray, Patrice"]
[Result "1/2-1/2"]
[WhiteElo "2510"]
[BlackElo "2410"]

1.d4 Nf6 2.Nf3 g6 3.c4 Bg7 4.g3 O-O 5.Bg2 d6 6.O-O Nbd7 7.Nc3 e5 8.e4 c6
9.h3 Qb6 10.c5 dxc5 11.dxe5 Ne8 12.e6 fxe6 13.Ng5 Ne5 14.f4 Nf7 15.Nxf7 Bd4+
16.Kh2 Rxf7 17.e5 Nc7 18.Ne4 Nd5 19.a4 a5 20.Ra3 Qd8 21.h4 b6 22.h5 Raa7
23.Bh3 Rf8 24.Kg2 Rg7 25.hxg6 Rxg6 26.Raf3 Ba6 27.Rh1 Ne7 28.Nd6 Nf5 29.Bxf5 exf5
30.Be3 Rxd6 31.exd6 Qxd6 32.Bxd4 Qxd4 33.Qxd4 cxd4 34.Rf2 Bd3 35.Rh6 Be4+
36.Kf1 Rb8 37.Rfh2 Rb7 38.Ke1 b5 39.axb5 cxb5 40.Rd6 d3 41.Rhh6 Kg7 42.Rb6 Rc7
43.Rhd6 Kf7 44.Rd8 b4 45.Kd2 Rc2+ 46.Ke3 Rc7 47.Rh6 Kg7 48.Rhd6 Bc6 49.Rxd3 a4
50.Kd2 Kf7 51.R8d6 Rc8 52.Re3 Be4 53.Re2 a3 54.bxa3 bxa3 55.Ra6 Rc2+ 56.Ke3 Rc3+
57.Kd4 Rxg3 58.Ke5 Rd3 59.Ra5 Kg6 60.Ra2 Kh5 61.Rh2+ Kg4  1/2-1/2

[Event "ESP-ch"]
[Site "?"]
[Date "1993.??.??"]
[Round "2"]
[White "Cacho Reigadas, Sergio"]
[Black "Romero Holmes, Alfonso"]
[Result "1/2-1/2"]
[WhiteElo "2360"]
[BlackElo "2440"]

1.Nf3 Nf6 2.c4 d6 3.d4 g6 4.g3 Bg7 5.Bg2 O-O 6.O-O c6 7.Nc3 Qb6 8.b3 Qa5
9.Qd2 Qh5 10.Qg5 Na6 11.Qxh5 Nxh5 12.Bb2 Bd7 13.Rfd1 f5 14.e3 Nc7 15.Rac1 h6
16.h4 Nf6 17.Ne2 Ne4 18.Nd2 Nxd2 19.Rxd2 g5 20.hxg5 hxg5 21.b4 Rac8 22.a4 Ne8
23.b5 Nf6 24.Ba3 Ne4 25.Rb2 c5 26.f3 Nf6 27.Rd2  1/2-1/2

[Event "Espoo op"]
[Site "Espoo"]
[Date "1993.??.??"]
[Round "2"]
[White "Hakulinen, Esko Matti"]
[Black "Kirilov, Valentins"]
[Result "1/2-1/2"]
[WhiteElo "2355"]
[BlackElo "2360"]

1.Nf3 Nf6 2.c4 g6 3.g3 Bg7 4.Bg2 d6 5.d4 O-O 6.Nc3 Nc6 7.d5 Na5 8.Nd2 c5
9.O-O a6 10.Qc2 Rb8 11.b3 b5 12.Bb2 Bh6 13.f4 bxc4 14.bxc4 e5 15.dxe6 Bxe6
16.Nd5 Rxb2 17.Qxb2 Bg7 18.Qa3 Nxc4 19.Nxc4 Nxd5 20.Rac1 Nb4 21.Rfd1 d5 22.Kh1 Qe7
23.Ne5 Rc8 24.Nd3 Nxd3 25.exd3 Qa7 26.Qa5 Bf6 27.Re1  1/2-1/2

[Event "Espoo op"]
[Site "Espoo"]
[Date "1993.??.??"]
[Round "2"]
[White "Kekki, Petri"]
[Black "Norri, Joose"]
[Result "0-1"]
[WhiteElo "2295"]
[BlackElo "2400"]

1.d4 Nf6 2.Nf3 g6 3.g3 Bg7 4.Bg2 O-O 5.c4 d6 6.O-O Nc6 7.Nc3 a6 8.h3 Rb8
9.Bg5 h6 10.Be3 Bd7 11.Nd5 b5 12.Nxf6+ exf6 13.cxb5 Rxb5 14.Qd2 g5 15.Ne1 Re8
16.Rc1 Nb4 17.Nd3 Nxd3 18.exd3 d5 19.Rc5 c6 20.Rxb5 axb5 21.h4 Qe7 22.a3 Qe6
23.Kh2 Qg4 24.f3 Qe6 25.Re1 Qd6 26.Bh3 Bxh3 27.Kxh3 Kh7 28.Kg2 Qe7 29.Rh1 Qe6
30.Re1 Qf5 31.Rc1 Qe6 32.Re1 Qd7 33.Rh1 Kg6 34.Rc1 Qe7 35.Bf2 Qd7 36.Qc2 Re6
37.Re1 Rxe1 38.Bxe1 f5 39.Bf2 Qe6 40.Qc5 Bf6 41.hxg5 hxg5 42.b3 f4 43.g4 Be7
44.Qc1 f5 45.gxf5+ Kxf5 46.a4 bxa4 47.bxa4 Bb4 48.Qh1 Kg6 49.Qh8 g4 50.Qe5 gxf3+
51.Kxf3 Qh3+ 52.Kxf4 Bd2+ 53.Be3 Qf1+ 54.Kg4 Qg2+ 55.Kf4 Qf2+ 56.Kg4 Qg2+
57.Kf4 Qf2+ 58.Kg4 Qxe3 59.Qf5+ Kg7 60.Qd7+ Kf6 61.Qf5+ Ke7 62.Qh7+ Kd6 63.Qh2+ Kd7
64.Qh7+ Qe7  0-1

[Event "Farum op (Women)"]
[Site "Farum"]
[Date "1993.??.??"]
[Round "1"]
[White "Guindy, Esmat"]
[Black "Sziva, Erika"]
[Result "0-1"]
[WhiteElo "2055"]
[BlackElo "2235"]

1.d4 Nf6 2.c4 g6 3.Nf3 Bg7 4.g3 d6 5.Bg2 O-O 6.O-O c5 7.Nc3 Nc6 8.d5 Na5
9.Nd2 e5 10.dxe6 Bxe6 11.Qc2 Rb8 12.b3 d5 13.cxd5 Nxd5 14.Bb2 Nb4 15.Qc1 Nac6
16.Nf3 h6 17.Ne4 Nd4 18.Nxd4 cxd4 19.Qf4 Nd5 20.Qd2 Qb6 21.Rfc1 Rfd8 22.Nc5 Nc3
23.Nd3 Bg4 24.Re1 Re8 25.Bxc3 dxc3 26.Qc2 Rbd8 27.h3 Be6 28.Rad1 a5 29.Nf4 Qc7
30.e4 b5 31.Nd5 Bxd5 32.exd5 b4 33.Rxe8+ Rxe8 34.d6 Qd7 35.Qd3 Rd8 36.Qc4 Rc8
37.Qd3 Be5 38.Be4 Kg7 39.Qd5 Qxd6 40.Qxd6 Bxd6 41.Rxd6 c2 42.Bxc2 Rxc2 43.g4 Rxa2
44.Kg2 Kf8 45.h4 Ra3 46.Ra6 h5 47.gxh5 gxh5 48.f3 Ke7 49.Kg3 Kd7 50.Kf4 Kc7
51.Kg5 Kb7 52.Rf6 Rxb3 53.Kxh5 Rc3  0-1

[Event "Farum op"]
[Site "Farum"]
[Date "1993.??.??"]
[Round "6"]
[White "Baburin, Alexander"]
[Black "Larsen, Steen Skovlund"]
[Result "1-0"]
[WhiteElo "2530"]
[BlackElo "2280"]

1.d4 Nf6 2.c4 g6 3.Nf3 Bg7 4.g3 O-O 5.Bg2 d6 6.O-O Nbd7 7.Nc3 e5 8.e4 c6
9.b3 exd4 10.Nxd4 Nc5 11.h3 Re8 12.Re1 a5 13.Rb1 Nfd7 14.Be3 h5 15.f4 Nf8
16.Qd2 Qe7 17.Rbd1 Be6 18.Bf2 Red8 19.Nd5 cxd5 20.exd5 Qd7 21.dxe6 fxe6 22.Nb5 Ra6
23.Bxc5 dxc5 24.Qxd7 Rxd7 25.Rxd7 Nxd7 26.Bxb7 Rb6 27.Be4 Nf8 28.Rd1 Bf6
29.Kf2 Rb8 30.Ke2 Rd8 31.Nd6 Bc3 32.Rd3 Kg7 33.g4 hxg4 34.hxg4 Nh7 35.Rxc3 Rxd6
36.Rd3 Rxd3 37.Kxd3 Kf7 38.a3 Nf6 39.Bf3 Ke7 40.g5 Nd7 41.Be4 Nf8 42.b4 cxb4
43.axb4 axb4 44.c5 b3 45.Kc3 b2 46.Kxb2 Nd7 47.c6 Nf8 48.Kc3 Kd6 49.Kd4 e5+
50.fxe5+ Kc7 51.Kd5 Nh7 52.e6 Nxg5 53.e7 Nxe4 54.Kxe4  1-0

[Event "Farum op (Women)"]
[Site "Farum"]
[Date "1993.??.??"]
[Round "6"]
[White "Guindy, Esmat"]
[Black "Stewart, Tanya"]
[Result "1/2-1/2"]
[WhiteElo "2055"]
[BlackElo "2090"]

1.d4 Nf6 2.c4 g6 3.Nf3 Bg7 4.g3 d6 5.Bg2 O-O 6.O-O Nbd7 7.Nc3 e5 8.e4 a6
9.Re1 exd4 10.Nxd4 Ne5 11.b3 c5 12.Nc2 b5 13.cxb5 axb5 14.Nxb5 Ba6 15.Nc3 Rc8
16.f4 Nd3 17.Re3 c4 18.bxc4 Bxc4 19.Nd4 Qb6 20.Rxd3 Bxd3 21.Qxd3 Nxe4 22.Ne2 Nc5
23.Qd1  1/2-1/2

[Event "Florida Valle op"]
[Site "Florida Valle"]
[Date "1993.??.??"]
[Round "6"]
[White "Ricardi, Pablo"]
[Black "Garcia, Raimundo"]
[Result "1-0"]
[WhiteElo "2480"]
[BlackElo "2375"]

1.d4 Nf6 2.c4 g6 3.Nf3 Bg7 4.g3 O-O 5.Bg2 d6 6.O-O Nc6 7.Nc3 Bg4 8.h3 Bxf3
9.Bxf3 Nd7 10.e3 e5 11.d5 Ne7 12.e4 f5 13.b4 a5 14.bxa5 Rxa5 15.Bd2 Nc5 16.a4 Qd7
17.Ra3 Rfa8 18.Qb1 b6 19.Bd1 R5a6 20.Be3 Nxe4 21.Nxe4 fxe4 22.Qxe4 Nf5 23.Bd2 Rf8
24.h4 Bh6 25.Bb4 Raa8 26.Kg2 Qf7 27.Rf3 Qd7 28.h5 gxh5 29.Rh1 h4 30.Bc2 Nd4
31.Rxf8+ Rxf8 32.Rxh4 Nxc2 33.Qxc2 Bg5 34.Rh5 h6 35.Rh1 Qf7 36.Qe2 e4 37.Ra1 Qg6
38.Bd2 Qf6 39.Bxg5 Qxa1 40.Bxh6 Rf7  1-0

[Event "FRA"]
[Site "FRA"]
[Date "1993.??.??"]
[Round "?"]
[White "Cerisier, Philippe"]
[Black "Renet, Olivier"]
[Result "0-1"]
[WhiteElo "2285"]
[BlackElo "2535"]

1.c4 g6 2.Nf3 Bg7 3.d4 Nf6 4.g3 O-O 5.Bg2 d6 6.Nc3 Nbd7 7.O-O e5 8.e4 c6
9.h3 a5 10.Be3 exd4 11.Nxd4 Re8 12.Qc2 Nc5 13.Nb3 Nfd7 14.Rad1 Qe7 15.Bd4 Ne5
16.Nd2 f5 17.Bxc5 dxc5 18.f4 Nf7 19.e5 Nd8 20.Na4 Ne6 21.Nb3 Bf8 22.Nb6 Ra6
23.Nxc8 Rxc8 24.Rd2 a4 25.Nc1 Nd4 26.Qd3 Rd8 27.Rfd1 Raa8 28.Qf1 Qc7 29.Ne2 Ne6
30.Qf3 Rxd2 31.Rxd2 a3 32.bxa3 Nd4 33.Qc3 Qa5 34.Qxa5 Rxa5 35.Nxd4 cxd4 36.Kf1 Bc5
37.Rd3 Ra4 38.Rb3 Rxc4 39.Rxb7 d3 40.Bxc6 Rc1+ 41.Kg2 d2 42.Bd5+ Kf8 43.Bb3 d1=Q
44.Bxd1 Rxd1 45.Rxh7 Rd2+ 46.Kh1 Rxa2 47.e6 Rxa3 48.g4 Kg8 49.Rc7 Bd6 50.Rd7 Ra6
51.gxf5 gxf5 52.h4 Ba3 53.Rd5 Rxe6 54.Rxf5 Re2 55.Rg5+ Kh7 56.Rg2 Re4 57.Rg4 Re2
58.Rg2 Re3 59.Rf2 Kg6 60.Kg2 Kh5 61.Rf3 Re2+ 62.Kg3 Bd6 63.Rb3 Bxf4+ 64.Kf3 Rh2
65.Rb5+ Be5 66.Rb4 Rh3+ 67.Kg2 Rd3 68.Rb5 Kg4 69.Rb4+ Bd4 70.h5 Kf4 71.h6 Rd2+
72.Kh3 Kf5 73.Kg3 Rd3+ 74.Kg2 Kg6 75.Rb7 Bf6 76.Rb6 Rd8 77.Kf3 Rh8 78.Ke4 Rxh6
79.Rc6 Rh4+ 80.Kd5 Kf5  0-1

[Event "FRA"]
[Site "FRA"]
[Date "1993.??.??"]
[Round "?"]
[White "Prie, Eric"]
[Black "Degraeve, Jean Marc"]
[Result "1/2-1/2"]
[WhiteElo "2470"]
[BlackElo "2455"]

1.d4 Nf6 2.c4 g6 3.g3 Bg7 4.Bg2 O-O 5.Nf3 d6 6.O-O c6 7.b3 Qa5 8.Qd2 Qxd2
9.Nbxd2 Bf5 10.Bb2 Ne4 11.Rfd1 Nxd2 12.Nxd2 Bg4 13.h3 Bc8 14.Rac1 c5 15.Nf3 Nc6
16.Bc3 Rb8 17.dxc5 dxc5 18.Bxg7 Kxg7 19.Ng5 h6 20.Ne4 Nd4 21.Rd2 b6 22.e3 Ne6
23.Nc3 Rd8 24.Rcd1 Rxd2 25.Rxd2 Kf8 26.h4 Ke8 27.Bc6+ Kf8 28.Bd7 Nc7 29.Nb5 Nxb5
30.cxb5 Bb7 31.Bh3 Ke8 32.Bd7+ Kf8 33.Bh3 Ke8 34.Bd7+ Kf8 35.Bh3  1/2-1/2

[Event "Gausdal MI9394"]
[Site "Gausdal"]
[Date "1993.??.??"]
[Round "1"]
[White "Tisdall, Jonathan D"]
[Black "Ernst, Thomas"]
[Result "1/2-1/2"]
[WhiteElo "2465"]
[BlackElo "2480"]

1.d4 Nf6 2.c4 g6 3.Nf3 Bg7 4.g3 O-O 5.Bg2 d6 6.O-O Nc6 7.Nc3 a6 8.Bg5 Bf5
9.Qd2 Re8 10.Bh6 Bh8 11.Rad1 Ne4 12.Nxe4 Bxe4 13.d5 Bxf3 14.exf3 Nd4 15.Rfe1 c5
16.dxc6 bxc6 17.Be3 c5 18.b4 Rb8 19.Rb1 Qc7 20.Bxd4 Bxd4 21.f4 e5 22.fxe5 dxe5
23.bxc5 Qxc5 24.Bd5 Rb6 25.Rxb6 Qxb6 26.Kg2 Rb8 27.Qg5 Kg7 28.Qe7 Qf6 29.Qxf6+ Kxf6  1/2-1/2

[Event "Gausdal Int"]
[Site "Gausdal"]
[Date "1993.??.??"]
[Round "1"]
[White "Csom, Istvan"]
[Black "Ulfarsson, Magnus Orn"]
[Result "1-0"]
[WhiteElo "2475"]
[BlackElo "2290"]

1.Nf3 g6 2.d4 Nf6 3.c4 Bg7 4.g3 d6 5.Bg2 O-O 6.Nc3 Nbd7 7.O-O e5 8.h3 Re8
9.d5 a5 10.e4 Nc5 11.Ne1 a4 12.Rb1 c6 13.dxc6 bxc6 14.Nd3 Nxd3 15.Qxd3 d5
16.Qc2 Nxe4 17.Nxe4 dxe4 18.Bxe4 Bxh3 19.Bxc6 Qc8 20.Bg2 e4 21.b4 axb3 22.axb3 Ra5
23.Bf4 Rh5 24.Bxe4 Bxf1 25.Rxf1 Qh3 26.Rd1 g5 27.Bd6 Qg4 28.Bd5 Bd4 29.Qd3 Bg7
30.Bf3 Qh3 31.Bxh5 Qxh5 32.c5 Re6 33.Qd5 Bc3 34.c6 Rh6 35.c7 Qh3 36.Qa8+ Kg7
37.Bf8+ Kg6 38.Bxh6  1-0

[Event "Gausdal Int"]
[Site "Gausdal"]
[Date "1993.??.??"]
[Round "3"]
[White "Csom, Istvan"]
[Black "Varavin, Viktor"]
[Result "0-1"]
[WhiteElo "2475"]
[BlackElo "2465"]

1.Nf3 Nf6 2.c4 g6 3.d4 Bg7 4.g3 O-O 5.Bg2 d6 6.Nc3 Nbd7 7.O-O e5 8.h3 Re8
9.e4 exd4 10.Nxd4 Nc5 11.Qc2 Nfxe4 12.Nxe4 Nxe4 13.Rd1 Nc5 14.b4 Ne6 15.Bb2 Nxd4
16.Bxd4 Bxd4 17.Rxd4 Qf6 18.Rad1 Bf5 19.Qb3 Rab8 20.Qa4 a6 21.g4 Be6 22.Qa5 Re7
23.c5 dxc5 24.bxc5 Qe5 25.Qa3 c6 26.f4 Qf6 27.Qb2 Ree8 28.g5 Qe7 29.Qc3 Bxa2
30.Re4 Qc7 31.Red4 Be6 32.Rd6 Bf5 33.Qf6 Qe7  0-1

[Event "Gausdal Int"]
[Site "Gausdal"]
[Date "1993.??.??"]
[Round "4"]
[White "Davies, Nigel R"]
[Black "Hillarp Persson, Tiger"]
[Result "1-0"]
[WhiteElo "2505"]
[BlackElo "2300"]

1.Nf3 Nf6 2.c4 d6 3.d4 g6 4.g3 Bg7 5.Bg2 O-O 6.O-O Nbd7 7.Nc3 e5 8.h3 c6
9.e4 Re8 10.Re1 Qe7 11.Rb1 a6 12.d5 cxd5 13.cxd5 b5 14.Bf1 Rb8 15.a3 b4 16.axb4 Rxb4
17.Nd2 Nc5 18.Kh2 Qd7 19.Qc2 h5 20.Na2 Rd4 21.b4 Rxd2 22.Bxd2 Ncxe4 23.Rxe4 Qf5
24.f3 h4 25.g4 Qxf3 26.Re3 Qf4+ 27.Kh1 Bxg4 28.hxg4 Nxg4 29.Rh3 Nf2+ 30.Kg2 Qg4+
31.Kxf2 e4 32.Be3 Re5 33.Ke1 Rf5 34.Qg2 Rxf1+ 35.Qxf1 f5 36.Rh1 Be5 37.Qe2  1-0

[Event "Gausdal Int"]
[Site "Gausdal"]
[Date "1993.??.??"]
[Round "4"]
[White "Engqvist, Thomas"]
[Black "Nordahl, Helge"]
[Result "1-0"]
[WhiteElo "2420"]
[BlackElo "2265"]

1.d4 Nf6 2.Nf3 g6 3.c4 Bg7 4.g3 O-O 5.Bg2 d6 6.O-O c5 7.Nc3 Nc6 8.dxc5 dxc5
9.Bf4 Be6 10.Ne5 Nxe5 11.Bxe5 Qb6 12.Qb3 Rad8 13.Bxb7 Bxc4 14.Qxc4 Qxb7 15.Na4 Ne4
16.Bxg7 Kxg7 17.Rfd1 Qb4 18.Qxb4 cxb4 19.f3 Nf6 20.Kf2 Rxd1 21.Rxd1 Rc8 22.Ke3 Kf8
23.Rd4 e5 24.Rd6 Ke7 25.Ra6 Rc7 26.g4 h6 27.h3 Nd5+ 28.Ke4 Nf4 29.Kxe5 Nxh3
30.e3 Ng5 31.f4 Nf3+ 32.Ke4 Nh2 33.g5 Ng4 34.gxh6 Nxh6 35.Ra5 Nf5 36.Nc5 Kd6
37.Nd3 Rc4+ 38.Kf3 Nh4+ 39.Ke2 Rc2+ 40.Kd1 Rg2 41.e4 Nf3 42.Ra6+ Kd7 43.Rxa7+ Ke8
44.Kc1 Rg1+ 45.Kc2 Nd4+ 46.Kd2 Rg2+ 47.Ke3 Nc2+ 48.Kf3 Rd2 49.Ne5 Ne1+ 50.Kg4 Rg2+
51.Kh3 f6 52.Ng4 f5 53.Nf6+ Kf8 54.e5 Rxb2 55.e6 Re2 56.Rf7+  1-0

[Event "Peer Gynt"]
[Site "Gausdal"]
[Date "1993.??.??"]
[Round "5"]
[White "Davies, Nigel R"]
[Black "Dannevig, Oystein"]
[Result "1/2-1/2"]
[WhiteElo "2505"]
[BlackElo "2300"]

1.d4 Nf6 2.c4 g6 3.Nf3 Bg7 4.g3 O-O 5.Bg2 d6 6.O-O Nbd7 7.Nc3 e5 8.h3 Re8
9.dxe5 dxe5 10.Be3 a5 11.Qc1 c6 12.Rd1 Qe7 13.Ng5 Nc5 14.Bxc5 Qxc5 15.Nge4 Nxe4
16.Nxe4 Qe7 17.Nd6 Rd8 18.Nxc8  1/2-1/2

[Event "Geneve op"]
[Site "Geneve"]
[Date "1993.??.??"]
[Round "6"]
[White "Mikavica, Mirko"]
[Black "Lurje, Pawel"]
[Result "1-0"]
[WhiteElo "2220"]
[BlackElo "2080"]

1.d4 Nf6 2.c4 g6 3.g3 Bg7 4.Bg2 O-O 5.Nf3 d6 6.O-O Nbd7 7.Nc3 e5 8.e4 exd4
9.Nxd4 Re8 10.Re1 Nc5 11.Nb3 Ne6 12.Qc2 a5 13.a4 c6 14.h3 Nd7 15.Be3 Ndc5
16.Nxc5 dxc5 17.Rad1 Nd4 18.Bxd4 cxd4 19.Ne2 Qb6 20.Nf4 Bd7 21.c5 Qd8 22.Qb3 Qc7
23.Rd3 Rab8 24.Qc2 f5 25.Qc4+ Kh8 26.Rxd4 Bxd4 27.Qxd4+ Kg8 28.Bf1 Re5 29.Bc4+ Kf8
30.Nd3 Rbe8 31.Nxe5 Rxe5 32.f4 Rxe4 33.Qf6+ Ke8 34.Bf7+  1-0

[Event "BL9293 (Women)"]
[Site "Germany"]
[Date "1993.??.??"]
[Round "?"]
[White "Janus, Elfi"]
[Black "Lauterbach, Ingrid"]
[Result "1/2-1/2"]
[WhiteElo "2105"]
[BlackElo "2130"]

1.Nf3 g6 2.d4 Bg7 3.g3 d6 4.Bg2 Nf6 5.c4 O-O 6.O-O Nbd7 7.Qc2 c6 8.Rd1 Qc7
9.Nc3 e5 10.e4 Re8 11.h3 exd4 12.Nxd4 a6 13.Bf4 Nh5 14.Be3 d5 15.cxd5 Ne5
16.Nce2 c5 17.d6 Qb6 18.Nb3 Be6 19.Qxc5 Qxc5 20.Nxc5 Nc4 21.d7 Red8 22.Nxe6 fxe6
23.Bg5 Nf6 24.e5 Nxe5 25.Bxb7 Ra7 26.Bg2 Rdxd7 27.Nd4 Kf7 28.Rac1 Nd5 29.Bxd5 Rxd5
30.Be3 Rxd4 31.Rf1 Rad7 32.Bxd4 Nf3+ 33.Kg2 Nxd4 34.b4 Bf8 35.Rc4  1/2-1/2

[Event "BL2-S9293"]
[Site "Germany"]
[Date "1993.??.??"]
[Round "?"]
[White "Mandel, Andreas"]
[Black "Migl, Dieter"]
[Result "1-0"]
[WhiteElo "2370"]
[BlackElo "2290"]

1.d4 Nf6 2.Nf3 g6 3.c4 Bg7 4.g3 O-O 5.Bg2 d6 6.O-O Nc6 7.Nc3 a6 8.h3 Rb8
9.e4 b5 10.e5 dxe5 11.dxe5 Qxd1 12.Rxd1 Nd7 13.e6 fxe6 14.cxb5 axb5 15.Bf4 Nde5
16.Nxe5 Nxe5 17.Re1 Nd3 18.Bxc7 Nxe1 19.Rxe1 Bd4 20.Re2 Bd7 21.Bxb8 Rxb8
22.Rd2 e5 23.Ne2 Be6 24.Nxd4 exd4 25.Rxd4 Bxa2 26.b4 Bc4 27.Bd5+ Bxd5 28.Rxd5 Kf7
29.Kg2 Ke6 30.Rc5 Kd6 31.h4 Ke6 32.h5 Kf6 33.hxg6 hxg6 34.f4 Rb6 35.Kf3 Kf7
36.Rg5 Ke8 37.Ke4 Kd7 38.Kd4 e6 39.Kc5  1-0

[Event "Oberliga Ost B9293"]
[Site "Germany"]
[Date "1993.??.??"]
[Round "?"]
[White "Espig, Thomas"]
[Black "Zunker, Reinhard"]
[Result "0-1"]
[WhiteElo "2310"]
[BlackElo "2295"]

1.d4 Nf6 2.Nf3 g6 3.c4 Bg7 4.g3 O-O 5.Bg2 d6 6.O-O c6 7.Nc3 Nbd7 8.b3 Re8
9.Bb2 e5 10.e4 Qa5 11.d5 cxd5 12.cxd5 Nc5 13.Ne1 b5 14.a3 b4 15.axb4 Qxb4
16.Nd3 Qxb3 17.Nxc5 Qxb2 18.N5a4 Qb7 19.Qd3 Bd7 20.Rfb1 Qc7 21.Nb5 Bxb5 22.Qxb5 Rec8
23.Bh3 Rcb8 24.Qc6 Qd8 25.Rxb8 Rxb8 26.Nc3 Rb6 27.Qa4 a6 28.Qc4 Bh6 29.Rxa6 Rxa6
30.Qxa6 Bd2 31.Nb5 Bb4 32.Bg2 Bc5 33.h3 Nh5 34.g4 Nf4 35.Qa2  0-1

[Event "Oberliga Ost B9293"]
[Site "Germany"]
[Date "1993.??.??"]
[Round "?"]
[White "Gallo, Jens"]
[Black "Kleinschmidt, Felix"]
[Result "0-1"]
[WhiteElo "2240"]
[BlackElo "2255"]

1.d4 Nf6 2.Nf3 g6 3.c4 Bg7 4.g3 O-O 5.Bg2 d6 6.O-O Nbd7 7.Nc3 e5 8.e4 exd4
9.Nxd4 Re8 10.h3 a6 11.Rb1 Rb8 12.Re1 Ne5 13.b3 c5 14.Nf3 Nxf3+ 15.Qxf3 b5
16.cxb5 axb5 17.Bg5 h6 18.Bxf6 Qxf6 19.Qxf6 Bxf6 20.Nd5 Bd4 21.Red1 Kg7 22.a4 bxa4
23.bxa4 Bd7 24.Nb6 Be6 25.a5 Re7 26.e5 dxe5 27.Nd5 Rxb1 28.Rxb1 Ra7 29.a6 Rxa6
30.Nc7 Bf5 31.Rb7 Bxf2+ 32.Kxf2 Ra2+ 33.Kf3 Rxg2 34.Ne8+ Kf8 35.Nd6 Rd2 36.Nxf7 Rd4
37.Rc7 e4+ 38.Kf4 Bxh3 39.Ne5 g5+ 40.Ke3 Rb4 41.g4 Bg2 42.Rxc5 Rb3+ 43.Kf2 Bf3
44.Rc7 h5 45.gxh5 Bxh5 46.Nd7+ Ke8 47.Ne5 e3+ 48.Kg2 e2 49.Rc8+ Ke7 50.Rc1 Rc3
51.Ra1 Ke6  0-1

[Event "BL2-S9293"]
[Site "Germany"]
[Date "1993.??.??"]
[Round "?"]
[White "Panzalovic, Srdjan"]
[Black "Dirr, Ulrich"]
[Result "1-0"]
[WhiteElo "2385"]
[BlackElo "2260"]

1.Nf3 Nf6 2.c4 g6 3.d4 Bg7 4.g3 O-O 5.Bg2 d6 6.O-O Nc6 7.d5 Na5 8.Nfd2 c5
9.Nc3 a6 10.Qc2 Rb8 11.b3 b5 12.Rb1 e5 13.cxb5 axb5 14.b4 cxb4 15.Rxb4 Bd7
16.Ba3 Qc7 17.Rc1 Bh6 18.e3 Rfc8 19.Qb1 Qa7 20.Nxb5 Rxc1+ 21.Bxc1 Qc5 22.a4 Nxd5
23.Bxd5 Qxd5 24.Nc3 Rxb4 25.Qxb4 Qc5 26.Qxc5 dxc5 27.Nde4 Bc6 28.Nxc5 Bf8
29.Ba3 f6 30.Bb4 Nc4 31.Nd3 e4 32.Nc5 Kf7 33.Na6 Bg7 34.Nb8 Bb7 35.a5 f5
36.Nb5 Be5 37.Nd7 Bc6 38.Nxe5+ Nxe5  1-0

[Event "BL2-O9293"]
[Site "Germany"]
[Date "1993.??.??"]
[Round "?"]
[White "Espig, Lutz"]
[Black "Klundt, Klaus"]
[Result "1/2-1/2"]
[WhiteElo "2445"]
[BlackElo "2380"]

1.Nf3 Nf6 2.c4 g6 3.d4 Bg7 4.g3 O-O 5.Bg2 d6 6.O-O Nc6 7.Nc3 a6 8.d5 Na5
9.Nd2 c5 10.Qc2 Rb8 11.b3 b5 12.Bb2 e6 13.Rab1 Re8 14.Rfe1 Bd7 15.Ba1 exd5
16.cxd5 Rc8 17.h3 b4 18.Nd1 Bb5 19.Ne3 Qe7 20.Rbd1 Rc7 21.Bb2 Rec8 22.Qb1 c4
23.bxc4 Nxc4 24.Ndxc4 Bxc4 25.Bd4 a5 26.Bb6 Rb7 27.Bxa5 Bh6 28.Nxc4 Rxc4
29.Qb3 Rc3 30.Qb2 Ne4 31.Bxb4 Bg7 32.Qb1 Rc4 33.a3 Nc3 34.Qb3 Rcxb4 35.axb4 Nxd1
36.Rxd1 Qxe2 37.Bf1 Qe4 38.b5 h5 39.h4 Bf6 40.Qc4 Qxc4 41.Bxc4 Bd8 42.Ra1 Bb6
43.Ra8+ Kg7 44.Be2 Kf6 45.Kf1 Bc5 46.Re8 Ra7 47.Re4 Ra2 48.Rf4+ Kg7 49.Re4 Kf6
50.f3 Rd2 51.g4 hxg4 52.fxg4 Rxd5 53.Rf4+ Ke7 54.Bc4 Rd4 55.Rxd4 Bxd4 56.Kg2 Kf8
57.Kf3 Kg7 58.Ke4 Bf2 59.Kd5 Bxh4 60.b6 Bd8 61.Kc6 Bxb6 62.Kxb6 Kf6  1/2-1/2

[Event "GER-ch (Women)"]
[Site "Germany"]
[Date "1993.??.??"]
[Round "?"]
[White "Bakalarz, Grazyna"]
[Black "Schumacher, Britta"]
[Result "1-0"]
[WhiteElo "2055"]
[BlackElo "2135"]

1.d4 Nf6 2.c4 g6 3.Nf3 Bg7 4.g3 d6 5.Bg2 O-O 6.O-O c6 7.Nc3 Nbd7 8.h3 Qc7
9.e4 e5 10.Re1 Rb8 11.Bg5 a6 12.Rc1 Re8 13.d5 c5 14.Bf1 Nf8 15.a3 Bd7 16.b4 b6
17.Qd2 Kh8 18.Kh2 Ng8 19.Be3 Qd8 20.Ng5 Qe7 21.f4 h6 22.Nf3 exf4 23.gxf4 Nf6
24.Bd3 Nh5 25.Rg1 f5 26.Bf2 Qf7 27.e5 Nxf4 28.exd6 cxb4 29.axb4 g5 30.Bf1 Qh5
31.Nd4 N8g6 32.Nce2 Nxe2 33.Nxe2 Be5+ 34.Ng3 Bxd6 35.Kh1 Bxg3 36.Rxg3 f4
37.Rgc3 Ne5 38.Bd4 Kg8 39.Bxe5 Rxe5 40.Qd4 Re3 41.Rxe3 fxe3 42.Qxe3 Re8 43.Qg3 Bf5
44.d6 Qg6 45.c5 bxc5 46.bxc5 Rd8 47.Bxa6 Be4+ 48.Kg1 Bc6 49.Bc4+ Kg7 50.Rf1 Rd7
51.Qc3+ Kh7 52.Bd3 Be4 53.Rf6 Qe8 54.Qe1 Kg7 55.Rf5 Bxd3 56.Qxe8 Bxf5 57.Qe5+ Kg6
58.c6 Rf7 59.d7 Rf8 60.Qe8+  1-0